00845nam a22001817a 4500008004100000020001600041050001300057100001800070245009100088250001200179260003600191300003200227500002000259505031700279700001700596700002100613700002900634151030b xxu||||| |||| 00| 0 eng d a97807234740 aRT41.E88 aNicol, Maggie aEssential skills handbook for nurses and midwives. /cMaggie Nicol, Carol Bavun et al. a3rd ed. aLondon:bMosby Elsevier,c2008. avii, 361p.:bills.;c24 cm. aIncludes index. aContent: Observation and monitoring -- Resuscitation -- Intravenous therapy -- Central venous catheters -- Blood transfusion -- Nutrition and hydration -- Medicines -- Elimination -- Prevention of cross-infection -- Wound assessment -- Patient hygiene -- Respiratory care -- Immobility and associated problems.  aBavin, Carol aCronin, Patricia aRawlings-Anderson, Karen